Normal view
MARC view
Entry Personal Name
001 - CONTROL NUMBER
- control field: 248137
003 - CONTROL NUMBER IDENTIFIER
- control field: OSt
005 - DATE AND TIME OF LATEST TRANSACTION
- control field: 20220925175039.0
008 - FIXED-LENGTH DATA ELEMENTS
- fixed length control field: 220925|| aca||aabn | a|a d
040 ## - CATALOGING SOURCE
- Original cataloging agency: OSt
- Transcribing agency: OSt
100 ## - HEADING--PERSONAL NAME
- Personal name: Krainer Robert E Au
670 ## - SOURCE DATA FOUND
- Source citation: Work cat.: (OSt)492518: Krainer Robert E Au., Finance in a theory of the business cycle , 1992
